000 01632nam a2200205 a 4500
001 000015491
005 20200929164044.0
008 100204s1958 // a 000 f spa d
040 _aDO-SdBNP
_bspa
_cBNPHU
082 _a333.7924
_bC748a
111 2 _aConferencia Internacional de las Naciones Unidas
_n(2da :
_d1 al 13 de septiembre de 1958 :
_cGinebra).
_934993
245 1 0 _aActas de la Segunda Conferencia Internacional sobre la utilización de la energía atómica con fines pacíficos.
260 _aGinebra :
_bNaciones Unidas,
_c1958.
300 _av :
_bil. ;
_c28 cm.
500 _aLa biblioteca posee los volúmenes: 1, 2, 3, 4, 5, 6, 7, 8, 10, 11, 12, 13.
505 0 _gv. 1.
_tProgresos realizados en el dominio atómico; aspectos generales de la conferencia --
_gv. 2.
_tPrimeras materias --
_gv. 3.
_tMateriales nucleares y separación isotópica --
_gv.4.
_tMetalurgia y tecnología de los reactores --
_gv.5.
_tReactores y centrales atómicas --
_gv. 6.
_tFísica y economía de los reactores --
_gv. 7.
_tFísica nuclear --
_gVol. 8.
_tCombustibles irradiados y materias radioactivas; protección contra las radiaciones --
_gv. 10.
_tLos isótopos radioactivos en biología y en medicina; efectos biológicos de las radiaciones --
_gv. 11.
_tFísica corpuscular y química nuclear --
_gv. 12.
_tLa fusión controlada: teoría y experiencias --
_gv.13.
_tLa fusión controlada: aparatos.
504 _aIncluye bibliografía al final de cada capítulo, referencias bibliográficas y notas al final de las páginas.
650 4 _aEnergía nuclear
_xInvestigaciones
_934994
650 4 _aEnergía nuclear
_xCongresos, conferencias, etc.
_934995
999 _c15047
_d15047